PUBLIC ADMINISTRATION : AN ACTION ORIENTATION (Record no. 215859)

MARC details
000 -LEADER
fixed length control field 00590nam a22001937a 4500
008 - FIXED-LENGTH DATA ELEMENTS--GENERAL INFORMATION
fixed length control field 250708b |||||||| |||| 00| 0 eng d
020 ## - INTERNATIONAL STANDARD BOOK NUMBER
International Standard Book Number 978-1-285-43401-8
050 ## - LIBRARY OF CONGRESS CALL NUMBER
Classification number JF1351 .D6 2014
100 ## - MAIN ENTRY--PERSONAL NAME
Personal name DENHARDT, ROBERT B.
245 ## - TITLE STATEMENT
Title PUBLIC ADMINISTRATION : AN ACTION ORIENTATION
250 ## - EDITION STATEMENT
Edition statement 7
260 ## - PUBLICATION, DISTRIBUTION, ETC.
Place of publication, distribution, etc. BOSTON, MA,
Name of publisher, distributor, etc. CENGAGE LEARNING,
Date of publication, distribution, etc. 2014
300 ## - PHYSICAL DESCRIPTION
Extent XVIII,445P.:ILL
500 ## - GENERAL NOTE
General note INCLUDES BIBLIOGRAPHICAL REFERENCES AND INDEX<br/>
650 ## - SUBJECT ADDED ENTRY
Topical term or geographic name entry element PUBLIC ADMINISTRATION
700 ## - ADDED ENTRY--PERSONAL NAME
Personal name 1. DENHARDT, JANET V. 2. BLANC, TARA A.
942 ## - ADDED ENTRY ELEMENTS (KOHA)
Source of classification or shelving scheme Library of Congress Classification
Koha item type Long Loan Book
Holdings
Withdrawn status Lost status Source of classification or shelving scheme Damaged status Not for loan Collection Home library Current library Shelving location Date acquired Inventory number Total checkouts Full call number Barcode Date last seen Copy number Price effective from Koha item type Total renewals Date last checked out
    Library of Congress Classification     Arts & Social Sciences Kisii University Library Kisii University Library On Display 07/08/2025 108927   JF1351 .D6 2014 000000024534 07/08/2025 1 07/08/2025 Long Loan Book    
    Library of Congress Classification     Arts & Social Sciences Kisii University Library Kisii University Library On Display 07/08/2025 108928   JF1351 .D6 2014 000000022955 07/08/2025 2 07/08/2025 Long Loan Book    
    Library of Congress Classification     Arts & Social Sciences Kisii University Library Kisii University Library On Display 07/08/2025 108929 2 JF1351 .D6 2014 000000022954 04/09/2026 3 07/08/2025 Long Loan Book 2 03/12/2026
    Library of Congress Classification     Arts & Social Sciences Kisii University Library Kisii University Library On Display 07/08/2025 108930 2 JF1351 .D6 2014 000000022953 04/02/2026 4 07/08/2025 Long Loan Book   03/13/2026
    Library of Congress Classification     Arts & Social Sciences Kisii University Library Kisii University Library On Display 07/08/2025 1089310 2 JF1351 .D6 2014 000000022952 04/09/2026 5 07/08/2025 Long Loan Book   03/26/2026